| 000 | 00426cam a2200181ua 4500 | ||
|---|---|---|---|
| 020 | _c6.80 | ||
| 041 |
_aeng _h |
||
| 082 |
_a380.1 _bSRI/TR |
||
| 100 | _aSrivastava, S K . | ||
| 245 |
_aTrade of India / _cS K Srivastava. _hTextual Documents |
||
| 250 |
_a1 / _b. |
||
| 260 |
_aNew Delhi : _bS.Chand and Co , _c1956. |
||
| 300 | _a256 ; . | ||
| 365 | _a6.80 | ||
| 504 | _a | ||
| 942 | _cBK | ||
| 999 |
_c11778 _d11778 |
||